000 00677nmm a2200181Ia 4500
008 251105s9999||||xx |||||||||||||||||und||
020 _a9789587417203
041 _aspa
100 _aFiguera Vargas, Sorily Carolina
245 0 _aAutodeterminación indígena en Colombia: estudio jurídico-político del caso de la comunidad Mokaná de Malambo en el Caribe colombiano
264 _a[Bogotá, Colombia] :
_bUniversidad del Norte,
_c2016
300 _a162 páginas
650 _aPolitical Science (General)
700 _aFiguera Vargas, Sorily Carolina
700 1 _a Sarmiento Erazo, Juan Pablo
856 _uhttps://public.digitaliapublishing.com/a/46693
942 _cCF
999 _c65467
_d65467